[Event "4NCL/2001-02/D3/BRI2-GUI2"]
[Site "Rd05-Birmingham"]
[Date "2002.01.19"]
[Round "5.8"]
[White "Norman>Dobson>Wright, Dinah Margaret"]
[Black "Wahl-Jorgensen, Karin"]
[Result "1/2-1/2"]
[WhiteElo "2032"]
[BlackElo "1608"]
[PlyCount "136"]
[EventDate "2002.01.19"]
[EventCountry "ENG"]
[SourceTitle "BritBase"]
[Source "John Saunders"]
[SourceDate "2024.10.24"]
[SourceVersion "1"]
[SourceVersionDate "2024.10.24"]
[SourceQuality "1"]
[WhiteTeam "Guildford-ADC 2"]
[BlackTeam "Bristol 2"]
[WhiteTeamCountry "ENG"]
[BlackTeamCountry "ENG"]

1. e4 c6 2. d4 d5 3. exd5 cxd5 4. Bd3 Nc6 5. c3 Nf6 6. Bf4 e6 7. Nd2 Bd6 8. Bxd6 Qxd6 9. Ngf3 O-O 10. O-O Re8 11. Re1 e5 12. dxe5 Nxe5 13. Nxe5 Rxe5 14. Rxe5 Qxe5 15. Nf3 Qd6 16. Qc2 h6 17. Re1 Bd7 18. h3 Re8 {(=)} 19. Rxe8+ Bxe8 20. Qe2 Kf8 21. Nd4 a6 22. Nf5 Qe6 23. Qe3 Qxe3 24. Nxe3 Bc6 25. Nf5 Nd7 26. f4 Nc5 27. Bc2 Ne6 28. g3 Ke8 29. Kf2 Kd7 30. Ke3 Kc7 31. Nd4 Nxd4 32. Kxd4 Kd6 33. f5 f6 34. Bd1 b6 35. Bf3 Bd7 36. g4 Bc6 37. b3 b5 38. Bg2 a5 39. a3 a4 40. bxa4 bxa4 41. Bf3 Bb5 42. Bxd5 Bf1 43. c4 Bxh3 44. c5+ Kc7 45. Bf3 h5 46. gxh5 Bxf5 47. Kd5 Bd7 48. Kc4 f5 49. Kd4 Bc6 50. Bxc6 Kxc6 51. Ke5 f4 52. Kxf4 Kxc5 53. Kg5 Kc4 54. Kg6 Kb3 55. Kxg7 Kxa3 56. h6 Kb2 57. h7 a3 58. h8=Q a2 59. Kg6+ Kb1 60. Qh1+ Kb2 61. Qg2+ Kb1 62. Qe4+ Kb2 63. Qe2+ Kb1 64. Qb5+ Ka1 65. Qa4 Kb2 66. Qd4+ Kb1 67. Qd3+ Kb2 68. Qd2+ Kb1 1/2-1/2

[Event "4NCL/2001-02/D3/GUI3-MSL"]
[Site "Rd05-Birmingham"]
[Date "2002.01.19"]
[Round "5.1"]
[White "Singleton, Michael Peter F"]
[Black "Kenworthy, Gary"]
[Result "0-1"]
[WhiteElo "2080"]
[BlackElo "2274"]
[PlyCount "66"]
[EventDate "2002.01.19"]
[EventCountry "ENG"]
[SourceTitle "BritBase"]
[Source "John Saunders"]
[SourceDate "2024.10.24"]
[SourceVersion "1"]
[SourceVersionDate "2024.10.24"]
[SourceQuality "1"]
[WhiteTeam "Guildford-ADC 3"]
[BlackTeam "Mind Sports Ltd"]
[WhiteTeamCountry "ENG"]
[BlackTeamCountry "ENG"]

1. d4 c5 2. d5 Nf6 3. c4 g6 4. Nc3 d6 5. e4 Bg7 6. Be2 O-O 7. Bg5 h6 8. Bf4 b5 9. cxb5 a6 10. a4 axb5 11. Bxb5 Ba6 12. Nge2 Bxb5 13. axb5 Nbd7 14. O-O g5 15. Rxa8 Qxa8 16. Bc1 Qa5 17. Ng3 Qb4 18. Nf5 Re8 19. Re1 Ne5 20. Re3 Nc4 21. Rh3 Nxb2 22. Qc2 Nc4 23. Nxh6+ Bxh6 24. Rxh6 Ra8 25. h4 Ra1 26. hxg5 Ng4 27. Rh3 Nce5 28. Kf1 c4 29. Ke2 Nd3 30. Bd2 Qc5 31. Rf3 Nge5 32. Rf5 Rg1 33. Qa4 Qd4 0-1

[Event "4NCL/2001-02/D3/GUI3-MSL"]
[Site "Rd05-Birmingham"]
[Date "2002.01.19"]
[Round "5.2"]
[White "Reuben, Stewart"]
[Black "Smart, Michael"]
[Result "1-0"]
[WhiteElo "2168"]
[BlackElo "1960"]
[PlyCount "57"]
[EventDate "2002.01.19"]
[EventCountry "ENG"]
[SourceTitle "BritBase"]
[Source "John Saunders"]
[SourceDate "2024.10.24"]
[SourceVersion "1"]
[SourceVersionDate "2024.10.24"]
[SourceQuality "1"]
[WhiteTeam "Mind Sports Ltd"]
[BlackTeam "Guildford-ADC 3"]
[WhiteTeamCountry "ENG"]
[BlackTeamCountry "ENG"]

1. c4 e5 2. g3 Nf6 3. Bg2 Nc6 4. Nc3 Bc5 5. e3 a5 6. Nge2 Qe7 7. O-O d6 8. b3 Bg4 9. f3 Bf5 10. d4 Bb6 11. Kh1 h5 12. e4 h4 13. exf5 h3 14. Bg5 Nxd4 15. Bxh3 Rxh3 16. Nd5 Nxd5 17. Bxe7 Kxe7 18. Ng1 Ne3 19. Qd2 Nxf1 20. Rxf1 Rh7 21. Qd3 Rah8 22. h4 Kf6 23. f4 e4 24. Qxe4 Nxf5 25. Ne2 Nxh4 26. gxh4 Rxh4+ 27. Kg2 R8h6 28. Ng3 Rg4 29. Qf5+ 1-0

[Event "4NCL/2001-02/D3/GUI3-MSL"]
[Site "Rd05-Birmingham"]
[Date "2002.01.19"]
[Round "5.3"]
[White "Clarke, Ian"]
[Black "Parker, Robert"]
[Result "1-0"]
[WhiteElo "1984"]
[BlackElo "2120"]
[PlyCount "87"]
[EventDate "2002.01.19"]
[EventCountry "ENG"]
[SourceTitle "BritBase"]
[Source "John Saunders"]
[SourceDate "2024.10.24"]
[SourceVersion "1"]
[SourceVersionDate "2024.10.24"]
[SourceQuality "1"]
[WhiteTeam "Guildford-ADC 3"]
[BlackTeam "Mind Sports Ltd"]
[WhiteTeamCountry "ENG"]
[BlackTeamCountry "ENG"]

1. d4 Nf6 2. c4 e6 3. Nc3 Bb4 4. Qc2 O-O 5. a3 Bxc3+ 6. Qxc3 b6 7. Nf3 Bb7 8. Bg5 d6 9. Nd2 Nbd7 10. f3 Rc8 11. b4 c5 12. dxc5 dxc5 13. b5 Qc7 14. e3 Rfe8 15. Be2 e5 16. O-O Qd6 17. Rfd1 Qe6 18. Nf1 Nf8 19. Rd2 Rcd8 20. Rad1 Rxd2 21. Rxd2 e4 22. f4 N6d7 23. Bh4 Ng6 24. Be1 Nf6 25. Ng3 Qc8 26. h3 h6 27. Qc2 Rd8 28. Qd1 Rxd2 29. Qxd2 Ne7 30. Qd6 Qd7 31. Qe5 Ng6 32. Qb8+ Bc8 33. Bc3 Qb7 34. Qxb7 Bxb7 35. Bxf6 gxf6 36. Nf5 Bc8 37. Nd6 Bd7 38. Nxe4 Kg7 39. Ng3 Kf8 40. Bg4 Bxg4 41. hxg4 Ne7 42. Nf5 Nc8 43. Kf2 Ke8 44. Ke2 1-0

[Event "4NCL/2001-02/D3/GUI3-MSL"]
[Site "Rd05-Birmingham"]
[Date "2002.01.19"]
[Round "5.4"]
[White "Coleman, James"]
[Black "Allinson, Julian"]
[Result "1/2-1/2"]
[WhiteElo "2137"]
[BlackElo "1944"]
[PlyCount "84"]
[EventDate "2002.01.19"]
[EventCountry "ENG"]
[SourceTitle "BritBase"]
[Source "John Saunders"]
[SourceDate "2024.10.24"]
[SourceVersion "1"]
[SourceVersionDate "2024.10.24"]
[SourceQuality "1"]
[WhiteTeam "Mind Sports Ltd"]
[BlackTeam "Guildford-ADC 3"]
[WhiteTeamCountry "ENG"]
[BlackTeamCountry "ENG"]

1. d4 Nf6 2. Nf3 c5 3. d5 e6 4. Nc3 exd5 5. Nxd5 Nxd5 6. Qxd5 Nc6 7. e4 d6 8. Bg5 Qb6 9. O-O-O Be6 10. Qd2 h6 11. Bh4 g5 12. Bg3 Bg7 13. b3 c4 14. Bxd6 cxb3 15. axb3 O-O-O 16. e5 {(=)} g4 17. Nd4 Rxd6 18. exd6 Nxd4 19. Qc3+ Kb8 20. Qc7+ Qxc7 21. dxc7+ Kxc7 22. Bd3 Rd8 23. Rhe1 Rd6 24. Be4 b5 25. Kb1 a5 26. Bd3 a4 27. c3 Nxb3 28. Bxb5 Nd2+ 29. Kc1 Nb3+ 30. Kb2 Rxd1 31. Rxd1 Nc5 32. Ka3 Bb3 33. Re1 Bxc3 34. Rc1 Bd4 35. Bc4 Bxc4 36. Rxc4 Bxf2 37. Rxg4 Kd6 38. Rf4 Bg1 39. Rxf7 Bxh2 40. Rf6+ Kd5 41. Rxh6 Bf4 42. Rh5+ Kc6 1/2-1/2

[Event "4NCL/2001-02/D3/GUI3-MSL"]
[Site "Rd05-Birmingham"]
[Date "2002.01.19"]
[Round "5.5"]
[White "Stimpson, Philip M"]
[Black "Almond, Richard JA"]
[Result "1/2-1/2"]
[WhiteElo "1912"]
[BlackElo "2136"]
[PlyCount "88"]
[EventDate "2002.01.19"]
[EventCountry "ENG"]
[SourceTitle "BritBase"]
[Source "John Saunders"]
[SourceDate "2024.10.24"]
[SourceVersion "1"]
[SourceVersionDate "2024.10.24"]
[SourceQuality "1"]
[WhiteTeam "Guildford-ADC 3"]
[BlackTeam "Mind Sports Ltd"]
[WhiteTeamCountry "ENG"]
[BlackTeamCountry "ENG"]

1. e4 d5 2. Nc3 c6 3. Nf3 Bg4 4. h3 Bxf3 5. Qxf3 e6 6. exd5 cxd5 7. d4 Nc6 8. Bb5 Bd6 9. O-O Qf6 10. Qxf6 Nxf6 11. Ne2 O-O 12. c3 Rac8 13. Bf4 Rfd8 14. Rfe1 Na5 15. Rad1 Nc4 16. Bc1 a6 17. Bxc4 Rxc4 18. Bf4 b5 19. Bxd6 Rxd6 20. a3 a5 21. Ra1 Nd7 22. Nf4 Nb8 23. Nd3 Na6 24. Re3 g6 25. f4 b4 26. Ne5 Rc7 27. axb4 axb4 28. cxb4 Nxb4 29. Rb3 Na6 30. Rba3 Nb4 31. Ra8+ Kg7 32. R8a7 Rxa7 33. Rxa7 Nc2 34. Rxf7+ Kg8 35. Rb7 Nxd4 36. Kf2 Nf5 37. g4 Nd4 38. Ke3 Nc6 39. Rb6 Nxe5 40. Rb8+ Kg7 41. fxe5 Rc6 42. Rb7+ Kf8 43. Rb8+ Kf7 44. Rb7+ Kf8 1/2-1/2

[Event "4NCL/2001-02/D3/GUI3-MSL"]
[Site "Rd05-Birmingham"]
[Date "2002.01.19"]
[Round "5.6"]
[White "Grigoryan, Meri"]
[Black "Bimbatti, Gian"]
[Result "1-0"]
[WhiteElo "2036"]
[BlackElo "1768"]
[PlyCount "117"]
[EventDate "2002.01.19"]
[EventCountry "ENG"]
[SourceTitle "BritBase"]
[Source "John Saunders"]
[SourceDate "2024.10.24"]
[SourceVersion "1"]
[SourceVersionDate "2024.10.24"]
[SourceQuality "1"]
[WhiteTeam "Mind Sports Ltd"]
[BlackTeam "Guildford-ADC 3"]
[WhiteTeamCountry "ENG"]
[BlackTeamCountry "ENG"]

1. Nf3 Nf6 2. d4 d5 3. c4 c6 4. Nc3 e6 5. Bg5 dxc4 6. e4 b5 7. e5 h6 8. Bh4 g5 9. Nxg5 hxg5 10. Bxg5 Nbd7 11. exf6 Bb7 12. a3 Bh6 13. Bxh6 Rxh6 14. Qd2 Rg6 15. Ne4 Nxf6 16. Nc5 Qb6 17. f4 O-O-O 18. g3 Ne4 19. Qe3 Nxc5 20. dxc5 Qa5+ 21. Qc3 Qxc3+ 22. bxc3 Rd5 23. Bg2 Rxc5 24. Bf3 f5 25. O-O-O e5 26. Bh5 Rh6 27. g4 Kc7 28. Be8 fxg4 29. f5 Bc8 30. Bg6 e4 31. Rhf1 Rh8 32. Rde1 Re5 33. Rf4 e3 34. f6 Be6 35. f7 Rf8 36. Rf6 Kd8 37. Re2 Ke7 38. Rf4 Bd5 39. Kc2 Bf3 40. Re1 e2 41. h3 Rg5 42. hxg4 Bxg4 43. Re4+ Kf6 44. Re8 Kg7 45. Rxf8 Kxf8 46. Be4 Kxf7 47. Bxc6 Ke6 48. Kd2 Kd6 49. Be4 Ke5 50. Bc6 Kf4 51. Rh1 Re5 52. Ke1 a5 53. Rh8 b4 54. axb4 axb4 55. Rf8+ Ke3 56. cxb4 c3 57. Ba4 Bf5 58. Rf7 c2 59. Rc7 1-0

[Event "4NCL/2001-02/D3/GUI3-MSL"]
[Site "Rd05-Birmingham"]
[Date "2002.01.19"]
[Round "5.7"]
[White "Longson Hegarty, Sarah N"]
[Black "Purdon, Colin"]
[Result "0-1"]
[WhiteElo "1608"]
[BlackElo "2097"]
[PlyCount "80"]
[EventDate "2002.01.19"]
[EventCountry "ENG"]
[SourceTitle "BritBase"]
[Source "John Saunders"]
[SourceDate "2024.10.24"]
[SourceVersion "1"]
[SourceVersionDate "2024.10.24"]
[SourceQuality "1"]
[WhiteTeam "Guildford-ADC 3"]
[BlackTeam "Mind Sports Ltd"]
[WhiteTeamCountry "ENG"]
[BlackTeamCountry "ENG"]

1. e4 e6 2. d4 d5 3. exd5 exd5 4. Bd3 Nc6 5. Nf3 Bg4 6. c3 Bd6 7. O-O Nge7 8. Bg5 Qd7 9. Nbd2 O-O-O 10. Qa4 f6 11. Bh4 Kb8 12. b4 Nxd4 13. Qxd7 Nxf3+ 14. Nxf3 Bxd7 15. Nd4 Ng6 16. Bxg6 hxg6 17. Bg3 Bxg3 18. fxg3 Rhe8 19. Rfe1 c6 20. h4 b6 21. Kf2 Kc7 22. Ne2 Bf5 23. Nd4 Bd3 24. Rg1 Kd7 25. Rad1 Bc4 26. Rge1 Ra8 27. a3 c5 28. Nf3 a5 29. Nd2 Rxe1 30. Kxe1 Re8+ 31. Kf2 Ba6 32. bxc5 bxc5 33. Nb3 Re2+ 34. Kf3 Kd6 35. c4 Bxc4 36. Nxa5 Rc2 37. Nxc4+ Rxc4 38. Rd3 Ra4 39. g4 c4 40. Rc3 d4 0-1

[Event "4NCL/2001-02/D3/GUI3-MSL"]
[Site "Rd05-Birmingham"]
[Date "2002.01.19"]
[Round "5.8"]
[White "Kelly, Paul J"]
[Black "Patel, Sunena"]
[Result "1-0"]
[WhiteElo "1856"]
[BlackElo "1224"]
[PlyCount "67"]
[EventDate "2002.01.19"]
[EventCountry "ENG"]
[SourceTitle "BritBase"]
[Source "John Saunders"]
[SourceDate "2024.10.24"]
[SourceVersion "1"]
[SourceVersionDate "2024.10.24"]
[SourceQuality "1"]
[WhiteTeam "Mind Sports Ltd"]
[BlackTeam "Guildford-ADC 3"]
[WhiteTeamCountry "ENG"]
[BlackTeamCountry "ENG"]

1. e4 e5 2. Nf3 Nc6 3. Bb5 d6 4. c3 Nf6 5. d3 Bd7 6. Nbd2 Be7 7. Nf1 h6 8. Ne3 a6 9. Ba4 Be6 10. c4 O-O 11. Nd5 Bxd5 12. cxd5 Na7 13. h3 b5 14. Bb3 Qd7 15. Be3 c6 16. dxc6 Qxc6 17. Rc1 Qd7 18. O-O Rfc8 19. Qd2 Rxc1 20. Rxc1 Nh7 21. Bd5 Rb8 22. Qa5 Nc8 23. Qc7 Qxc7 24. Rxc7 Nf6 25. Bb7 Bd8 26. Rxc8 Rxc8 27. Bxc8 a5 28. b4 axb4 29. Ba6 Bc7 30. Bxb5 d5 31. exd5 Nxd5 32. Bc5 f6 33. Bc4 Kh7 34. Bxd5 1-0

[Event "4NCL/2001-02/D3/NK-WS"]
[Site "Rd05-Birmingham"]
[Date "2002.01.19"]
[Round "5.1"]
[White "Walsh, Chris"]
[Black "Hynes, Anthony M"]
[Result "0-1"]
[WhiteElo "2202"]
[BlackElo "2232"]
[PlyCount "48"]
[EventDate "2002.01.19"]
[EventType "team-match"]
[EventCountry "ENG"]
[SourceTitle "BritBase"]
[Source "John Saunders"]
[SourceDate "2024.10.24"]
[SourceVersion "1"]
[SourceVersionDate "2024.10.24"]
[SourceQuality "1"]
[WhiteTeam "Nidum Knights"]
[BlackTeam "Warwickshire Select"]
[WhiteTeamCountry "WLS"]
[BlackTeamCountry "ENG"]

1. e4 e5 2. Nf3 Nc6 3. Bb5 f5 4. Qe2 fxe4 5. Bxc6 dxc6 6. Qxe4 Bd6 7. Nxe5 Nf6 8. Qe2 O-O 9. d4 Qe8 10. f4 c5 11. Be3 cxd4 12. Bxd4 Nd5 13. g3 Nxf4 14. gxf4 Rxf4 15. Bc3 Bxe5 16. Bxe5 Bg4 17. Qe3 Rf5 18. Bd4 Qxe3+ 19. Bxe3 Re8 20. Nc3 Rxe3+ 21. Kd2 Rh3 22. Raf1 Rxf1 23. Rxf1 Rxh2+ 24. Kd3 g6 0-1

[Event "4NCL/2001-02/D3/NK-WS"]
[Site "Rd05-Birmingham"]
[Date "2002.01.19"]
[Round "5.2"]
[White "Mason, Donald J"]
[Black "Morris, Gareth D"]
[Result "1-0"]
[WhiteElo "2284"]
[BlackElo "2175"]
[PlyCount "97"]
[EventDate "2002.01.19"]
[EventType "team-match"]
[EventCountry "ENG"]
[SourceTitle "BritBase"]
[Source "John Saunders"]
[SourceDate "2024.10.24"]
[SourceVersion "1"]
[SourceVersionDate "2024.10.24"]
[SourceQuality "1"]
[WhiteTeam "Warwickshire Select"]
[BlackTeam "Nidum Knights"]
[WhiteTeamCountry "ENG"]
[BlackTeamCountry "WLS"]

1. e4 c5 2. Nc3 Nc6 3. g3 g6 4. Bg2 Bg7 5. d3 d6 6. f4 e6 7. Nf3 Nge7 8. O-O O-O 9. Be3 Nd4 10. e5 Nef5 11. Bf2 Nxf3+ 12. Qxf3 Rb8 13. Ne4 b6 14. g4 Bb7 15. Qh3 Nd4 16. Bh4 f6 17. exf6 Bxf6 18. Bxf6 Rxf6 19. Nxf6+ Qxf6 20. Bxb7 Rxb7 21. Qg2 Rc7 22. Rae1 Nc6 23. Kh1 Ne7 24. Qe4 Kf7 25. Rf3 d5 26. Qe5 Qxe5 27. fxe5+ Kg7 28. Rf6 Nc6 29. Rxe6 Nd4 30. Rd6 Nxc2 31. Rf1 Rf7 32. Rxf7+ Kxf7 33. Kg2 Ne1+ 34. Kf1 Nxd3 35. Rxd5 Nxb2 36. Rd7+ Ke6 37. Rxh7 Nc4 38. Rxa7 Kxe5 39. Ke2 Kf4 40. h3 Kg3 41. Kd3 b5 42. Rc7 Nb2+ 43. Kc2 Na4 44. Rg7 Kxh3 45. Rxg6 Kg3 46. Rg8 Kf4 47. g5 Kf5 48. g6 Kf6 49. g7 1-0

[Event "4NCL/2001-02/D3/NK-WS"]
[Site "Rd05-Birmingham"]
[Date "2002.01.19"]
[Round "5.3"]
[White "Davies, Christopher"]
[Black "Thomas, Nicholas"]
[Result "0-1"]
[WhiteElo "2076"]
[BlackElo "2237"]
[PlyCount "52"]
[EventDate "2002.01.19"]
[EventType "team-match"]
[EventCountry "ENG"]
[SourceTitle "BritBase"]
[Source "John Saunders"]
[SourceDate "2024.10.24"]
[SourceVersion "1"]
[SourceVersionDate "2024.10.24"]
[SourceQuality "1"]
[WhiteTeam "Nidum Knights"]
[BlackTeam "Warwickshire Select"]
[WhiteTeamCountry "WLS"]
[BlackTeamCountry "ENG"]

1. e4 e6 2. Nf3 d5 3. e5 Bd7 4. Be2 f6 5. a3 c5 6. b4 cxb4 7. d4 bxa3 8. O-O Nc6 9. Nxa3 fxe5 10. Nxe5 Nxe5 11. dxe5 Bc5 12. Bd3 Ne7 13. Qf3 Qa5 14. Bg5 O-O-O 15. Nb5 Qb6 16. Nxa7+ Kb8 17. Rfb1 Qc7 18. Ba6 b6 19. Bxe7 Bxe7 20. Bb5 Bc5 21. Qb3 Rhf8 22. Qa4 Rxf2 23. Kh1 Bxb5 24. Rxb5 Rd7 25. Nc8 Qxc8 26. Qa8+ Kc7 0-1

[Event "4NCL/2001-02/D3/NK-WS"]
[Site "Rd05-Birmingham"]
[Date "2002.01.19"]
[Round "5.4"]
[White "Shephard, Christopher CW"]
[Black "Tabatabai, John"]
[Result "0-1"]
[WhiteElo "2136"]
[BlackElo "2062"]
[PlyCount "81"]
[EventDate "2002.01.19"]
[EventType "team-match"]
[EventCountry "ENG"]
[SourceTitle "BritBase"]
[Source "John Saunders"]
[SourceDate "2024.10.24"]
[SourceVersion "1"]
[SourceVersionDate "2024.10.24"]
[SourceQuality "1"]
[WhiteTeam "Warwickshire Select"]
[BlackTeam "Nidum Knights"]
[WhiteTeamCountry "ENG"]
[BlackTeamCountry "WLS"]

1. c4 e5 2. Nc3 Nf6 3. Nf3 Nc6 4. e4 Bc5 5. Nxe5 Nxe5 6. d4 Bxd4 7. Qxd4 Nc6 8. Qd3 Nb4 9. Qd2 O-O 10. Be2 Re8 11. O-O a5 12. f3 d6 13. b3 Na6 14. Bb2 Nc5 15. Rad1 Bd7 16. Rfe1 Bc6 17. Bf1 Ne6 18. Ba1 Nh5 19. Nd5 Nc5 20. Ne3 Qg5 21. Qb2 Re6 22. Nf5 Rg6 23. Qd2 Qd8 24. Bc3 b6 25. Bd4 Bd7 26. Be3 Qf6 27. Bd4 Qd8 28. Be3 Qf6 29. Bd4 Qd8 30. Bf2 Kh8 31. Bh4 Nf6 32. Qc2 Qe8 33. Bf2 Bc6 34. Qd2 Nfd7 35. Nh4 Re6 36. Nf5 Ne5 37. Nd4 Rg6 38. Kh1 Bd7 39. Nf5 Bxf5 40. exf5 Rf6 41. f4 0-1

[Event "4NCL/2001-02/D3/NK-WS"]
[Site "Rd05-Birmingham"]
[Date "2002.01.19"]
[Round "5.5"]
[White "Gandy, Andrew R"]
[Black "Pitcher, John T"]
[Result "1-0"]
[WhiteElo "2074"]
[BlackElo "2128"]
[PlyCount "117"]
[EventDate "2002.01.19"]
[EventType "team-match"]
[EventCountry "ENG"]
[SourceTitle "BritBase"]
[Source "John Saunders"]
[SourceDate "2024.10.24"]
[SourceVersion "1"]
[SourceVersionDate "2024.10.24"]
[SourceQuality "1"]
[WhiteTeam "Nidum Knights"]
[BlackTeam "Warwickshire Select"]
[WhiteTeamCountry "WLS"]
[BlackTeamCountry "ENG"]

1. d4 d5 2. c4 c6 3. Nf3 Nf6 4. Qc2 dxc4 5. Qxc4 Bf5 6. Nc3 Nbd7 7. g3 e6 8. Bg2 Be7 9. O-O h6 10. e3 O-O 11. Rd1 Qc7 12. Qe2 Ne4 13. Nd2 Nxc3 14. bxc3 e5 15. e4 Bg6 16. Nc4 b5 17. Ne3 Rfd8 18. Nc2 c5 19. d5 c4 20. f4 Bd6 21. f5 Bh7 22. Be3 a5 23. a3 Rab8 24. Rab1 Kh8 25. Kh1 Rdc8 26. g4 Qd8 27. Bf2 Bg8 28. h4 f6 29. Be3 Bc5 30. Bc1 Bd6 31. Rf1 Bf7 32. Rf3 Nc5 33. Rg3 Be7 34. Bf3 Nd3 35. Bd2 Kg8 36. g5 fxg5 37. hxg5 Bxg5 38. Bxg5 hxg5 39. Rbg1 Rb6 40. Qe3 Rh6+ 41. Kg2 Nf4+ 42. Kf1 Rh2 43. Bd1 Kf8 44. Rxg5 Rh7 45. R5g3 Qh4 46. Ne1 Qf6 47. Nf3 g6 48. Ng5 Rh2 49. Nxf7 Qxf7 50. fxg6 Nxg6+ 51. Ke1 Nf4 52. Rg8+ Ke7 53. Qa7+ Kf6 54. Qxf7+ Kxf7 55. Bh5+ Nxh5 56. Rxc8 Nf4 57. Rc7+ Kf6 58. Rgg7 Rh1+ 59. Kf2 1-0

[Event "4NCL/2001-02/D3/NK-WS"]
[Site "Rd05-Birmingham"]
[Date "2002.01.19"]
[Round "5.6"]
[White "Wu, Li"]
[Black "Powell, Annie"]
[Result "1/2-1/2"]
[WhiteElo "1992"]
[BlackElo "2015"]
[PlyCount "56"]
[EventDate "2002.01.19"]
[EventType "team-match"]
[EventCountry "ENG"]
[SourceTitle "BritBase"]
[Source "John Saunders"]
[SourceDate "2024.10.24"]
[SourceVersion "1"]
[SourceVersionDate "2024.10.24"]
[SourceQuality "1"]
[WhiteTeam "Warwickshire Select"]
[BlackTeam "Nidum Knights"]
[WhiteTeamCountry "ENG"]
[BlackTeamCountry "WLS"]

1. d4 Nf6 2. c4 e6 3. Nf3 Bb4+ 4. Nbd2 d5 5. e3 O-O 6. Bd3 Nbd7 7. O-O b6 8. Qc2 h6 9. b3 Bb7 10. Bb2 Be7 11. Rac1 Rc8 12. Ne5 Nxe5 13. dxe5 Nd7 14. cxd5 Bxd5 15. Ba6 Rb8 16. Rfd1 Nc5 17. Bb5 a5 18. a3 Qc8 19. e4 Ba8 20. f4 Qb7 21. Re1 Rfd8 22. Re3 Rbc8 23. Kh1 Rb8 24. Nf3 c6 25. Bf1 Nd7 26. f5 Bc5 27. Rc3 Nf8 28. g4 Qe7 1/2-1/2

[Event "4NCL/2001-02/D3/NK-WS"]
[Site "Rd05-Birmingham"]
[Date "2002.01.19"]
[Round "5.7"]
[White "Rees, Ioan L"]
[Black "Hunt, Malcolm A"]
[Result "1/2-1/2"]
[WhiteElo "1970"]
[BlackElo "1912"]
[PlyCount "82"]
[EventDate "2002.01.19"]
[EventType "team-match"]
[EventCountry "ENG"]
[SourceTitle "BritBase"]
[Source "John Saunders"]
[SourceDate "2024.10.24"]
[SourceVersion "1"]
[SourceVersionDate "2024.10.24"]
[SourceQuality "1"]
[WhiteTeam "Nidum Knights"]
[BlackTeam "Warwickshire Select"]
[WhiteTeamCountry "WLS"]
[BlackTeamCountry "ENG"]

1. Nf3 d5 2. b3 Bf5 3. Bb2 e6 4. e3 Nf6 5. Be2 Be7 6. O-O O-O 7. c4 c5 8. d3 Nc6 9. Nh4 Bg6 10. Nxg6 hxg6 11. Nd2 d4 12. e4 Nd7 13. f4 f5 14. Bf3 Nf6 15. Qe1 Kf7 16. Rf2 Rh8 17. Re2 Qc7 18. g3 Rh6 19. a3 a5 20. Qf1 Rah8 21. Rae1 Bf8 22. h4 Ne7 23. b4 b6 24. e5 Nh5 25. Qg2 Nxg3 26. Qxg3 Rxh4 27. Bg2 Rg4 28. Qf2 g5 29. fxg5 Ng6 30. Re4 Rxg2+ 31. Qxg2 fxe4 32. Qxe4 Nh4 33. Nf3 Nf5 34. g6+ Kxg6 35. Qg4+ Kf7 36. Ng5+ Ke7 37. Nxe6 Kxe6 38. Qg6+ Ke7 39. Qxf5 Qb7 40. Qg5+ Ke8 41. Re4 Qf7 1/2-1/2

[Event "4NCL/2001-02/D3/NK-WS"]
[Site "Rd05-Birmingham"]
[Date "2002.01.19"]
[Round "5.8"]
[White "Wilcox, Charlotte"]
[Black "Hammond, Rhiannon"]
[Result "1-0"]
[WhiteElo "1392"]
[BlackElo "1696"]
[PlyCount "81"]
[EventDate "2002.01.19"]
[EventType "team-match"]
[EventCountry "ENG"]
[SourceTitle "BritBase"]
[Source "John Saunders"]
[SourceDate "2024.10.24"]
[SourceVersion "1"]
[SourceVersionDate "2024.10.24"]
[SourceQuality "1"]
[WhiteTeam "Warwickshire Select"]
[BlackTeam "Nidum Knights"]
[WhiteTeamCountry "ENG"]
[BlackTeamCountry "WLS"]

1. e4 c5 2. d4 cxd4 3. c3 g6 4. cxd4 d5 5. e5 Bg7 6. Nf3 Nh6 7. Nc3 O-O 8. Be2 a6 9. O-O Nc6 10. Bf4 e6 11. Bg5 Qb6 12. Qd2 Nf5 13. Rfd1 Bd7 14. Na4 Qc7 15. Rac1 f6 16. Bf4 Qd8 17. Nc5 Bc8 18. Re1 fxe5 19. dxe5 Nh4 20. Nxh4 Qxh4 21. g3 Qe7 22. Bg4 Qf7 23. Nd3 Bd7 24. Rc3 Rac8 25. Nc5 Na5 26. Nxd7 Qxd7 27. Rxc8 Rxc8 28. Qxa5 Rc2 29. Qb6 Rc6 30. Qb3 Qc8 31. Qe3 Qd7 32. Rc1 Rxc1+ 33. Qxc1 d4 34. Qd2 Bf8 35. Be3 Bc5 36. b4 Bb6 37. Bg5 d3 38. Bf3 Qd4 39. Be3 Qd8 40. Bxb6 Qxb6 41. Be4 1-0

[Event "4NCL/2001-02/D3/PP2-MK"]
[Site "Rd05-Birmingham"]
[Date "2002.01.19"]
[Round "5.1"]
[White "Goodger, Martyn"]
[Black "Macdonald-Ross, Michael"]
[Result "1/2-1/2"]
[WhiteElo "2147"]
[BlackElo "2170"]
[PlyCount "78"]
[EventDate "2002.01.19"]
[EventType "team-match"]
[EventCountry "ENG"]
[SourceTitle "BritBase"]
[Source "John Saunders"]
[SourceDate "2024.10.24"]
[SourceVersion "1"]
[SourceVersionDate "2024.10.24"]
[SourceQuality "1"]
[WhiteTeam "Poisoned Pawns 2"]
[BlackTeam "Milton Keynes"]
[WhiteTeamCountry "ENG"]
[BlackTeamCountry "ENG"]

1. e4 c6 2. d4 d5 3. e5 Bf5 4. Nc3 a6 5. Nce2 e6 6. Ng3 Bg6 7. Nf3 c5 8. h4 h5 9. Bd3 Bxd3 10. Qxd3 cxd4 11. Qxd4 Nc6 12. Qf4 Qc7 13. O-O Nge7 14. Qa4 Ng6 15. c4 Rd8 16. Bg5 Be7 17. Bxe7 Ngxe7 18. cxd5 Rxd5 19. Rad1 Qa5 20. Qb3 Qb4 21. Qxb4 Nxb4 22. Rxd5 Nexd5 23. a3 Nc6 24. Re1 Ke7 25. Ng5 Nf4 26. Re4 Nd3 27. f4 g6 28. b4 Rd8 29. Ne2 Nb2 30. Re3 Nd4 31. Nxd4 Rxd4 32. Rc3 Nc4 33. g3 b5 34. Nf3 Rd1+ 35. Kf2 Ra1 36. Nd4 Kd7 37. Nc2 Rd1 38. Kf3 Nb6 39. Ke2 Rd5 1/2-1/2

[Event "4NCL/2001-02/D3/PP2-MK"]
[Site "Rd05-Birmingham"]
[Date "2002.01.19"]
[Round "5.2"]
[White "Freeman, Richard CP"]
[Black "Young, Craig A"]
[Result "0-1"]
[WhiteElo "2011"]
[BlackElo "2113"]
[PlyCount "50"]
[EventDate "2002.01.19"]
[EventType "team-match"]
[EventCountry "ENG"]
[SourceTitle "BritBase"]
[Source "John Saunders"]
[SourceDate "2024.10.24"]
[SourceVersion "1"]
[SourceVersionDate "2024.10.24"]
[SourceQuality "1"]
[WhiteTeam "Milton Keynes"]
[BlackTeam "Poisoned Pawns 2"]
[WhiteTeamCountry "ENG"]
[BlackTeamCountry "ENG"]

1. e4 e6 2. d3 d5 3. Nd2 Nf6 4. g3 dxe4 5. dxe4 e5 6. Ngf3 Nc6 7. Bg2 Bc5 8. O-O O-O 9. Qe2 a5 10. Nc4 Qe7 11. c3 b6 12. Bg5 Ba6 13. Nfd2 h6 14. Be3 Rfd8 15. a4 Bxe3 16. Qxe3 Qe6 17. b3 Rd7 18. Rfe1 Rad8 19. Rac1 Rd3 20. Qe2 Rxd2 21. Qxd2 Rxd2 22. Nxd2 Nd7 23. f4 Nc5 24. Re3 exf4 25. gxf4 Qd6 0-1